| 000 | 04674nam0a22003851 4500 | ||
|---|---|---|---|
| 001 | rc\3015664 | ||
| 005 | 20250530013259.0 | ||
| 035 | _a(NLR Aleph) 007157984 | ||
| 090 |
_a7219814 _c7219814 |
||
| 100 | _a20110925d1936 |||y0rusy50 ca | ||
| 101 | 0 | _arus | |
| 102 | _aRU | ||
| 105 | _aab z ||||| | ||
| 200 | 1 |
_aЗаповедники Дальневосточного края _e[Сборник статей] _e(С рис. и карт.) _fОтв. ред. Н. Протанский _g[Предисл.: А. Цымек] |
|
| 210 |
_aХабаровск _cДальгиз _d1936 _eВладивосток _gтипо-литогр. им. Волина |
||
| 215 |
_aПереплет, 87 с., 12 вкл. л. ил. и карт. _cил., карт. _d22×14 см |
||
| 225 | 1 |
_aЗаписки _fД.-Вост. краев. план. комиссия. Приморск. филиал Гос. геогр. о-ва _vт. 6 (23) |
|
| 320 | _aБиблиогр.: "Перечень лит-ры о морском бобре" (23 назв.) | ||
| 327 | 1 | _aСодерж.: Абрамов К.Г., Салмин Ю.А. Сихотэ-Алинский государственный заповедник; Абрамов К.Г. Кроноцкий комплексный заповедник; Коркешко А.Л., Миролюбов И.И. Государственный заповедник "Кедровая Падь"; Булдовский А.Т. Об организации черепашьего заповедника и птичьего резервата на озере Ханка; Воробьев Д.П. Заповедник южноуссурийской флоры и фауны; Кабанов Н.Е. Об охране памяткников природы Советского Сахалина; Кабанов Н.Е. Тисовые рощи на острове Петрова в Японском море; Колесников Б.П. Заповедники охотской флоры и фауны; Добровольский И.Д. Лопатинский бобровый заповедник | |
| 464 | 0 |
_12001#$aСихотэ-Алинский государственный заповедник _1700#1$aАбрамов$bК. Г.$4070 _1701#1$aСалмин$bЮ. А.$4070 _tСихотэ-Алинский государственный заповедник _aАбрамов, К. Г. |
|
| 464 | 0 |
_12001#$aКроноцкий комплексный заповедник _1700#1$aАбрамов$bК. Г.$4070 _tКроноцкий комплексный заповедник _aАбрамов, К. Г. |
|
| 464 | 0 |
_12001#$aГосударственный заповедник "Кедровая Падь" _1700#1$aКоркешко$bА. Л.$4070 _1701#1$aМиролюбов$bИ. И.$4070 _tГосударственный заповедник "Кедровая Падь" _aКоркешко, А. Л. |
|
| 464 | 0 |
_12001#$aОб организации черепашьего заповедника и птичьего резервата на озере Ханка _1700#1$aБулдовский$bА. Т.$4070 _tОб организации черепашьего заповедника и птичьего резервата на озере Ханка _aБулдовский, А. Т. |
|
| 464 | 0 |
_12001#$aЗаповедник южноуссурийской флоры и фауны _1700#1$aВоробьев$bД. П.$4070 _tЗаповедник южноуссурийской флоры и фауны _aВоробьев, Д. П. |
|
| 464 | 0 |
_12001#$aОб охране памяткников природы Советского Сахалина _1700#1$aКабанов$bН. Е.$4070 _tОб охране памяткников природы Советского Сахалина _aКабанов, Н. Е. |
|
| 464 | 0 |
_12001#$aТисовые рощи на острове Петрова в Японском море _1700#1$aКабанов$bН. Е.$4070 _tТисовые рощи на острове Петрова в Японском море _aКабанов, Н. Е. |
|
| 464 | 0 |
_12001#$aЗаповедники охотской флоры и фауны _1700#1$aКолесников$bБ. П.$4070 _tЗаповедники охотской флоры и фауны _aКолесников, Б. П. |
|
| 464 | 0 |
_12001#$aЛопатинский бобровый заповедник _1700#1$aДобровольский$bИ. Д.$4070 _tЛопатинский бобровый заповедник _aДобровольский, И. Д. |
|
| 702 | 1 |
_aПротанский _bН. _4340 |
|
| 702 | 1 |
_aЦымек _bА. _4080 |
|
| 801 | 0 |
_aRU _bNLR _gpsbo |
|
| 801 | 1 |
_aRU _bELAR _2rusmarc |
|
| 852 |
_aNLR _jП20/33 |
||
| 942 | _cBOOK | ||
| 980 | _aNB | ||